<A> smoothed EM approach to indirect estimation problems with particular reference to stereology and emission tomography.

Spôsob, ako sa vysporiadať s niektorými numerickými a štatistickými ťažkosťami, ktoré vznikajú v prípade, kedy sa získané dáta nezobrazujú priamo podľa pozorovanej hustoty, ale podľa inej, odvodenej distribúcie. Vylepšenia techniky zobrazovania častí ľudského tela.

Saved in:
Bibliographic Details
Format: Book Chapter
Language:English
Subjects:
Tags: Add Tag
No Tags, Be the first to tag this record!

MARC

LEADER 00000naa a2200000 4500
001 r006172
005 20220819193426.4
041 0 |a eng 
044 |a GB 
245 1 0 |a <A> smoothed EM approach to indirect estimation problems with particular reference to stereology and emission tomography. 
520 |a Spôsob, ako sa vysporiadať s niektorými numerickými a štatistickými ťažkosťami, ktoré vznikajú v prípade, kedy sa získané dáta nezobrazujú priamo podľa pozorovanej hustoty, ale podľa inej, odvodenej distribúcie. Vylepšenia techniky zobrazovania častí ľudského tela. 
610 2 0 |a získavanie informácií 
610 2 0 |a spracovanie dát 
610 2 0 |a metódy matematicko-štatistické